00610nam a2200157Ia 4500008004100000100002200041245010900063245004700172260005300219260001800272300000800290650001500298856004700313999001900360952007300379170221s9999 xx 000 0 und d aFayez B. Shriedeh aService Quality as an Antecedent of Brand Equity: Empirical Evidence in the Medical Tourism from Jordan  cFayez B. Shriedeh, Noor Hasmini Abd. Ghani bInternational Review of Management and Marketing cFebruary 2016 a5:1 xMarketing. uhttp://www.econjournals.com/index.php/irmm c309946d309946 001040aCLbCLd2017-02-21l0r2017-02-21 00:00:00w2017-02-21yFOJ